| 000 | 00761nam a2200217 i 4500 | ||
|---|---|---|---|
| 001 | 78048 | ||
| 003 | ES-MaACL | ||
| 005 | 20250702063048.0 | ||
| 007 | t| | ||
| 008 | 041011s1944 ag ||||1| spa d | ||
| 100 | 0 |
_aHarris, Frank, _d1855-1931 _961912 |
|
| 245 | 1 | 0 |
_aVida y confesiones de Oscar Wilde / _ccon un epílogo de G. Bernard Shaw y varios apéndices documentales ; [traducción del inglés y notas por Ricardo Baeza]. |
| 300 |
_a2 t. ; _c19 cm. |
||
| 490 | 1 | _aLos libros evocadores | |
| 600 | 1 | 4 |
_aWilde, Oscar, _d1854-1900 _9241147 |
| 700 | 1 |
_aShaw, Bernard. _9106025 |
|
| 700 | 1 |
_aBaeza, Ricardo, _d1890-1956 _924620 |
|
| 830 | 0 |
_aLos libros evocadores _9227254 |
|
| 852 |
_aES-MaACL _jD-6068-69 _bR.30617 |
||
| 999 |
_c78048 _d78048 |
||